000 00564nmm a2200169Ia 4500
008 251105s9999||||xx |||||||||||||||||und||
020 _a9781615908424
041 _aspa
100 _aGreve, Meg
245 0 _aLos mapas son planos, los globos son redondos = Maps are flat, globes are round
264 _a[Madrid, España] :
_bRourke Educational Media,
_c2010
300 _a24 páginas
490 _aPequeño mundo: Geografía / Little world geography
650 _aAges 6-8 Years Old
856 _uhttps://public.digitaliapublishing.com/a/24707
942 _cCF
999 _c75169
_d75169